Normal view
MARC view
Entry Personal Name
001 - CONTROL NUMBER
- control field: 51876
003 - CONTROL NUMBER IDENTIFIER
- control field: OSt
005 - DATE AND TIME OF LATEST TRANSACTION
- control field: 20240813140103.0
008 - FIXED-LENGTH DATA ELEMENTS
- fixed length control field: 240813|| aca||aabn | a|a d
040 ## - CATALOGING SOURCE
- Original cataloging agency: OSt
- Transcribing agency: OSt
100 ## - HEADING--PERSONAL NAME
- Personal name: ဉာဏိဿရ၊ အရှင်၊ သဲကုန်း
670 ## - SOURCE DATA FOUND
- Source citation: Work cat.: (OSt): ဉာဏိဿရ၊ အရှင်၊ သဲကုန်း, သင်္ခတအသင်္ခတသုတ္တန်တရားတော် /, ၁၉၈၄။